|
|
|
|
| LEADER |
01126nam a2200277 a 4500 |
| 001 |
GR-MES12351 |
| 008 |
070601s gr b 001 0 gre d |
| 020 |
|
|
|a 1405115165
|q (pbk:alk.paper)
|
| 040 |
|
|
|a GrPaTEI
|b gre
|c GR-PaULI
|
| 040 |
|
|
|a GrPaTEI
|b gre
|c GR-PaULI
|
| 082 |
|
0 |
|a 551.483
|2 22
|
| 100 |
1 |
|
|a Brierley, Gary J.
|
| 245 |
1 |
0 |
|a Geomorphology and river management :
|b Applications of the river styles framework /
|c Gary J.Brierley / Kirstie A. Fryirs.
|
| 260 |
|
|
|a Malden,MA :
|b Blackwell,
|c 2005
|
| 300 |
|
|
|a xii
|a 398σ. :
|b εικ. ;
|c 25εκ.
|
| 504 |
|
|
|a Περιλαμβάνει βιβλιογραφίες και ευρετήριο.
|
| 650 |
|
0 |
|a Geomorphology
|
| 650 |
|
0 |
|a RIVERS
|
| 650 |
|
0 |
|a Stream ecology
|
| 650 |
|
4 |
|a Γεωμορφολογία
|
| 650 |
|
4 |
|a ΠΟΤΑΜΙΑ
|
| 700 |
1 |
|
|a Fryirs, Kirstie A.
|
| 942 |
|
|
|2 ddc
|
| 952 |
|
|
|0 0
|1 0
|2 ddc
|4 0
|6 551_483000000000000_BRI
|7 0
|9 271043
|a MSLG
|b MSLG
|c BSC
|d 2021-01-17
|e 24
|f 0
|g 0.00
|l 0
|o 551.483 BRI
|p 2420000021864
|r 2021-01-17 00:00:00
|t 1
|w 2021-01-17
|y BK15
|x 20070601 0 ΜΑΤΣΙΩΡΗ 1
|x GrPaTEI
|
| 971 |
|
|
|a .b25783981
|b 15-04-20
|c 13-09-16
|
| 999 |
|
|
|c 156510
|d 156510
|